LIBRARY & INFORMATION CENTRE, KCAET, TAVANUR

ONLINE PUBLIC ACCESS CATALOGUE (OPAC)

Eesoppu kathakal / (Record no. 11530)

MARC details
000 -LEADER
fixed length control field 00398cam a2200157ua 4500
041 ## - LANGUAGE CODE
Language code of text/sound track or separate title mal
082 ## - DEWEY DECIMAL CLASSIFICATION NUMBER
Classification number 894.812301
Item number MAT/EE
100 ## - MAIN ENTRY--AUTHOR NAME
Personal name Mathew, M Kuzhiveli .
245 ## - TITLE STATEMENT
Title Eesoppu kathakal /
250 ## - EDITION STATEMENT
Edition statement 1 /
260 ## - PUBLICATION, DISTRIBUTION, ETC. (IMPRINT)
Place of publication Trivandrum :
Name of publisher Balan publications ,
Year of publication 1948.
300 ## - PHYSICAL DESCRIPTION
Number of Pages 26 ; .
942 ## - ADDED ENTRY ELEMENTS (KOHA)
Koha item type Books
Holdings
Withdrawn status Lost status Damaged status Home library Current library Date acquired Full call number Accession Number Koha item type Public note
Withdrawn   Damaged KAUAET KAUAET 06/02/2021 894.812301 MAT/EE 8424 Books  
Withdrawn     KAUAET KAUAET 06/02/2021 894.812301 MAT/EE 8426 Books  
Withdrawn     KAUAET Malayalam University 07/04/2012 894.812301 8423 Books Transferred to Malayalam University
Withdrawn     KAUAET Malayalam University 06/02/2021 894.812301 MAT/EE 8425 Books Transferred to Malayalam University
free website counter